| 000 | 00450nam a22001817a 4500 | ||
|---|---|---|---|
| 003 | CEME | ||
| 005 | 20210628203429.0 | ||
| 008 | 210119b xxu||||| |||| 00| 0 eng d | ||
| 020 | _a0-7645-4350-4 | ||
| 040 | _cceme | ||
| 082 | _a004.67 LOW | ||
| 100 |
_aLowery, Joseph W _965403 |
||
| 245 | _aDream weaver mx 2004 bible | ||
| 260 |
_aUSA _bWILEY _c2004 |
||
| 300 | _aXI, 1176P | ||
| 650 |
_aDREAM WEAVER MX 2004 BIBLE _965404 |
||
| 942 |
_cBK _2ddc |
||
| 999 |
_c573625 _d573625 |
||